000 01298naa a22003497a 4500
001 BR8004868
003 BR-BrBNA
005 20240918174643.0
007 ta
008 230509b bl.||||| |||| 00| 0 por d
040 _aBR-BrBNA
_bpor
_cBiblioteca Nacional de Agricultura
041 _a(Pt)
072 _aE50; E15; P12
_b/G514
090 _aE50 BR8004868
100 1 _aCoimbra, F.G.
100 1 _aRomcy, N.M.R.
100 1 _aPereira, Y.L.A. de A.
111 1 _a5. Congresso Nacional de Irrigacao e Drenagem
_cSao Paulo, SP (Brazil)
_d29 Sep 1980
245 1 _aDiagnostico situacional da populacao diretamente envolvida com a implantacao do Projeto de Irrigacao Ico - Lima Campos [pesquisa social, desapropriacao, Brasil]
260 3 _aSao Paulo, SP (Brasil):
_c1980.
500 _aAnais do 5. Congresso Nacional de Irrigacao e Drenagem Sao Paulo, SP (Brasil): 1980. p. 335 (BR8004868-AM)E50
650 _aMIGRACAO RURAL
650 _aIRRIGACAO
650 _aCOLONIZACAO
650 _aTRABALHADOR RURAL
650 _aDESAPROPRIACAO
650 _aPESQUISA SOCIAL
650 _aCEARA
773 0 _tAnais do 5. Congresso Nacional de Irrigacao e Drenagem
_b
_wE50 BR8004868
_gSao Paulo, SP (Brasil), 1980. p. 335
909 _a202404
_bLucia
_c55
_dLucia Elande
942 _cAM
_2AGRIS
999 _c312629
_d312629